000 01218nas a2200385 4500
001 BR2015006953
003 BR-BrBNA
005 20231205130012.0
007 ta
008 230509b bl.|||p| |||| 00| 00por d
040 _aBR-BrBNA
_bpor
_cBiblioteca Nacional de Agricultura
041 _a(En)
072 _aL50
100 1 _aRoodt, A.R. de
100 1 _aDolab, J.A.
100 1 _aSegre, L.
100 1 _aSimoncini, C.
100 1 _aHajos, S.E.
100 1 _aFernandez, T.
100 1 _aDokmetjian, J.C.
100 1 _aLitwin, S.
100 1 _aAccattoli, C.
100 1 _aVidal, J.C.
245 1 _aThe immunochemical reactivity and neutralizing capacity of polyvalent vipera (european)antivenom on enzymatic and toxic activities in the venoms of crotalids from argentina
650 _aCOBRA PECONHENTA
650 _aVENENO
650 _aANALISE QUIMICA
650 _aTOXINA
650 _aNEUTRALIZACAO
650 _aREACAO QUIMICA
773 0 _tJournal of Venomous Animals and Toxins (Brazil)
_xISSN 1678-4936
_g(1999), v. 5(1) p. 67-83
_wBR2015006953
856 4 0 _uhttp://dx.doi.org/10.1590/S0104-79301999000100006
909 _a202311
_bLúcia
_c55
_dLúcia Elande
942 _2AGRIS
_n0
_cANA
999 _c247372
_d247372